000 00519nam a2200169 i 4500
001 bg
100 1 _aZARYCHTA, Krystian
245 0 _aProgramowanie liniowe i całkowitoliczbowe :
_bmetoda podziału i ograniczeń /
_cK. Zarychta, W. Ogryczak.
260 _aWarszawa,
_c1981.
490 1 _aBiblioteka Inżynierii Oprogramowania
700 1 _aOGRYCZAK, Włodzimierz
830 _aBiblioteka Inżynierii Oprogramowania
040 _cBPK
041 _apol
942 _cKS
008 s pl f |000 0 pol
999 _c19932
_d19932
856 _uhttp://koha.tu.koszalin.pl/cgi-bin/koha/opac-detail.pl?biblionumber=19932
_yKatalog online BPK